| 000 | 00481nam a22001937a 4500 | ||
|---|---|---|---|
| 003 | LK-CoDNM | ||
| 005 | 20250115120701.0 | ||
| 008 | 250115b |||||||| |||| 00| 0 eng d | ||
| 040 |
_aLK-CoDNM _dLK-CoDNM _eLK-CoDNM |
||
| 041 | _aeng | ||
| 080 |
_a9 _bCC11 |
||
| 100 | _aAlbert Charles Seward | ||
| 245 | _aGeology for everyman | ||
| 260 |
_aCambridge _bThe university press _c1944 |
||
| 300 | _bx, 312p. : ill ; 24 cm | ||
| 650 | _aScience | ||
| 650 | _a1944 | ||
| 942 | _cBK | ||
| 999 |
_c236270 _d236270 |
||